2017 Movies - Statistics

General Stats
  • This quiz has been taken 39 times
    38 since last reset
  • The average score is 21 of 50
Answer Stats
Picture Answer % Correct
Cars 3
95%
Despicable Me 3
90%
Guardians Of The Galaxy Vol 2
90%
Spider-Man: Homecoming
90%
Justice League
86%
Star Wars: The Last Jedi
86%
Wonder Woman
86%
John Wick: Chapter 2
81%
The Boss Baby
81%
Beauty And The Beast
76%
Coco
76%
Thor: Ragnarok
76%
Logan
71%
Transformers: The Last Knight
71%
Power Rangers
57%
Blade Runner 2049
48%
Happy Death Day
48%
Kingsman: The Golden Circle
48%
Baby Driver
43%
Daddy’s Home 2
43%
Ferdinand
43%
The Mummy
43%
Get Out
38%
Ghost In The Shell
38%
Life
38%
CHiPS
33%
Dunkirk
33%
Valerian And The City Of A Thousand Planets
33%
Call Me By Your Name
29%
Geostorm
29%
Murder On The Orient Express
29%
Wind River
29%
Alien: Covenant
24%
American Made
24%
Atomic Blonde
24%
Molly’s Game
24%
xXx: Return Of Xander Cage
24%
Bright
19%
Fast & Furious 8
19%
Going In Style
19%
All The Money In The World
14%
American Assassin
14%
6 Days
10%
Only The Brave
10%
Sleepless
10%
Snatched
10%
What Happened To Monday
10%
Kidnap
5%
Table 19
5%
Unforgettable
5%
No matching quizzes found
Score Distribution
Percent of People with Each Score
Percentile by Number Answered
Your Score History
You have not taken this quiz since the last reset